000 00563nam a2200229Ia 4500
003 OSt
005 20221005130554.0
006 a|||||r|||| 00| 0
007 ta
008 221004b |||||||| |||| 00| 0 eng d
024 _a59655
037 _cTextual
040 _aCRL
_cCRL
_beng
041 _2eng
_aeng
082 _aO111,2J64,3, 33J0
100 _aShakespeare
245 0 _aRomeo juliet
260 _c1963
650 _aENGLISH LITERATURE
942 _hO111,2J64,3, 33J0
_cTEXL
_2cc
999 _c1057677
_d1057677